MARC

LEADER 00000nam0a2200000 4500
001 276858
005 20231101234948.0
035 |a (RuTPU)RU\TPU\book\300131 
090 |a 276858 
100 |a 20141126d1984 k y0rusy5003 ca 
101 0 |a rus 
102 |a RU 
105 |a a z 001zy 
200 1 |a Экономика и организация машинной информатики  |e сборник научных трудов  |f Свердловский институт народного хозяйства (СИНХ) ; под ред. А. М. Миняйло 
210 |a Свердловск  |c Изд-во Урал. гос. ун-т  |d 1984 
215 |a 117 с.  |c граф. 
320 |a Библиогр. в конце ст. 
606 1 |a Информационные процессы  |x Технические средства  |2 stltpush  |3 (RuTPU)RU\TPU\subj\12933  |9 39631 
610 1 |a вычислительные установки 
610 1 |a экономика 
610 1 |a машинная информатика 
610 1 |a вычислительные сети 
610 1 |a планирование 
610 1 |a управление 
610 1 |a информация 
610 1 |a переработка 
686 |a Ч231.2  |v LBC/SL-A  |2 rubbk 
702 1 |a Миняйло  |b А. М.  |4 340 
712 0 2 |a Свердловский институт народного хозяйства (СИНХ)  |c (1967-1990)  |2 stltpush  |3 (RuTPU)RU\TPU\col\15887 
801 0 |a RU  |b RuMRKP  |c 19950704  |g psbo 
801 1 |a RU  |b 63413507  |c 20141126 
801 2 |a RU  |b 63413507  |c 20171219  |g RCR 
942 |c BK